[Event "28th WSCC Open 65 2018"]
[Site "Bled"]
[Date "2018.11.23"]
[Round "6"]
[White "Vaisser, Anatoli"]
[Black "Hardicsay, Peter"]
[Result "1-0"]
[WhiteElo "2504"]
[BlackElo "2223"]
[Annotator "TA"]
[PlyCount "105"]
[EventDate "2018.11.17"]
[EventType "swiss"]
[EventCountry "SLO"]
[SourceTitle "playchess.com"]
[Source "ChessBase"]
[SourceQuality "1"]

{[%evp 19,105,22,28,0,13,-8,12,8,27,0,36,10,28,19,18,30,25,29,43,0,0,0,0,0,0,0,0,-14,12,-2,0,0,0,0,19,0,1,0,0,0,3,0,2,21,19,22,22,12,10,7,56,51,56,55,60,65,89,65,101,101,108,101,102,102,122,124,181,137,164,168,171,161,160,142,155,154,172,165,316,315,283,297,599,623,900,896,831,841]} 1. d4 Nf6 2. c4 e6 3. Nc3 Bb4 4. e3 O-O 5. Bd3 d5 6. Nf3 c5 7. cxd5 exd5 {E53: Nimzo-Indian: Rubinstein: Main Line (4...0-0 5 Nf3 d5 6 Bd3 c5 7 0-0)} 8. dxc5 (8. O-O cxd4 9. Nxd4 Nc6 10. Nxc6 bxc6 11. Na4 Bd6 12. h3 Qe7 13. Bd2 c5 14. Rc1 Bb7 15. b3 Qe5 16. f4 Qe7 17. Nc3 Rac8 {0-1 (41) Le,Q (2715)-Nakamura,H (2763) chess.com INT 2018}) 8... Nbd7 9. O-O Nxc5 10. Ne2 Bg4 {LiveBook: 7 Games} 11. Ned4 a6 $146 ({Predecessor:} 11... Rc8 12. Be2 Nce4 13. h3 Bh5 14. Qb3 Qb6 15. a3 {1-0 (42) Ju,W (2559)-Tan,Z (2509) Yangzhou 2016}) 12. Be2 Ba5 13. h3 Bh5 (13... Bd7 {keeps more tension.} 14. Bd2 Bc7 15. Rc1 Bd6 16. Bb4 b6) 14. Bd2 {[#] Threatens to win with b4.} Bxd2 (14... Bb6 {looks sharper.} 15. a4 Re8 16. Bb4 Nfe4 17. a5 Bc7) 15. Qxd2 Nfe4 16. Qb4 Rc8 17. Rfd1 Qf6 18. Rac1 b6 19. Qa3 a5 20. b4 axb4 21. Qxb4 Ra8 22. Rc2 Bg6 23. Bb5 Rac8 24. Rb2 h6 25. a4 Rfd8 26. Be2 Nd7 27. Nb5 Ndc5 {And now ...Nxa4! would win.} 28. Qd4 (28. Ra1 {with more complications.} Bh5 29. g4 Bg6 30. Qd4 Qe7 31. Qe5) 28... Nxa4 29. Qxf6 Nxf6 30. Rb4 Nc5 31. Ne5 Bc2 32. Ra1 Ra8 33. Rxa8 Rxa8 34. Nd4 Be4 35. Rxb6 Ncd7 36. Nxd7 Nxd7 37. Rd6 Nf6 38. f3 Bg6 39. g4 Kf8 40. h4 Ke7 41. Rb6 Ra1+ 42. Kf2 Rb1 (42... Ra8 $16 43. Rb7+ Kf8) 43. Ra6 Rb2 44. Ra7+ Kf8 45. Kg3 Rb8 46. Kf4 Bb1 47. Bb5 Kg8 48. Bc6 {Strongly threatening g5.} Bd3 $2 {[#]} (48... Rd8 {keeps fighting.} 49. g5 hxg5+ 50. hxg5 Nh7) 49. g5 $18 hxg5+ 50. hxg5 Ne8 $2 (50... Nh5+ {is tougher.} 51. Kg4 g6 52. Bxd5 Rb1) 51. Bxd5 {White is clearly winning.} Nd6 52. Rd7 Rb6 53. Nc6 {Accuracy: White = 65%, Black = 42%.} 1-0

[Event "28th WSCC Open 65 2018"]
[Site "Bled"]
[Date "2018.11.23"]
[Round "6"]
[White "Rashkovsky, Nukhim N"]
[Black "Sveshnikov, Evgeny"]
[Result "1/2-1/2"]
[WhiteElo "2482"]
[BlackElo "2496"]
[Annotator "TA"]
[PlyCount "27"]
[EventDate "2018.11.17"]
[EventType "swiss"]
[EventCountry "SLO"]
[SourceTitle "playchess.com"]
[Source "ChessBase"]
[SourceQuality "1"]

{[%evp 21,27,-28,0,0,0,-11,0,-3]} 1. e4 e5 2. Nf3 Nc6 3. Nc3 Nf6 4. d4 exd4 5. Nxd4 Bb4 6. Nxc6 bxc6 7. Bd3 d5 8. exd5 cxd5 9. O-O O-O 10. Bg5 c6 11. Ne2 Bg4 12. f3 {The position is equal. C47: Scotch Four Knights and Four Knights with 4 g3} Be6 (12... Bd7 13. Kh1 Re8 14. c3 Bd6 15. Qc2 h6 16. Bh4 Rb8 17. Rad1 Be5 18. b3 Qe7 19. Qc1 Bc7 {½-½ (43) Godena,M (2515)-Pinter,J (2501) Switzerland 2004}) 13. Kh1 $146 ({Predecessor:} 13. c3 Be7 14. Nd4 Qb6 15. Qc2 h6 16. Bh4 c5 17. Nxe6 fxe6 18. c4 e5 19. Kh1 d4 {½-½ (28) Nimzowitsch,A-Salwe,G Ostend 1907}) 13... Be7 14. Nd4 1/2-1/2

[Event "28th WSCC Open 65 2018"]
[Site "Bled"]
[Date "2018.11.23"]
[Round "6"]
[White "Jansa, Vlastimil"]
[Black "Renman, Nils-Gustaf"]
[Result "1-0"]
[WhiteElo "2437"]
[BlackElo "2351"]
[Annotator "TA"]
[PlyCount "79"]
[EventDate "2018.11.17"]
[EventType "swiss"]
[EventCountry "SLO"]
[SourceTitle "playchess.com"]
[Source "ChessBase"]
[SourceQuality "1"]

{[%evp 20,79,35,22,37,32,25,20,42,37,41,33,43,39,72,60,56,0,0,0,0,0,21,26,50,-4,0,0,0,0,0,-3,0,-4,-10,-15,0,-12,0,0,0,-79,-46,-44,-42,-53,-52,-116,470,470,469,468,460,456,460,456,487,456,445,445,797,783]} 1. e4 e6 2. d4 d5 3. Nd2 c5 4. Ngf3 Nc6 5. exd5 exd5 6. Bb5 Qe7+ 7. Be2 Qc7 {C09: French Tarrasch: 3...c5 4 exd5 exd5 5 Ngf3 Nc6} 8. O-O Nf6 9. Re1 (9. Bb5 cxd4 10. Re1+ Be7 11. Qe2 a6 12. Bxc6+ bxc6 13. Nxd4 Ra7 14. Qe5 c5 15. Nf5 Qxe5 16. Rxe5 Bxf5 17. Rxf5 {½-½ (41) Mamedov,R (2678)-Harikrishna,P (2733) Antalya 2017}) 9... cxd4 10. Nb3 Be7 11. Nbxd4 {LiveBook: 4 Games} a6 12. h3 O-O 13. Bg5 $146 ({Predecessor:} 13. c3 Re8 14. Bd3 h6 15. Nf5 Bxf5 16. Bxf5 {1-0 (47) Daulyte,D (2439)-Mkrtchian,L (2376) Riadh 2017}) 13... h6 14. Bh4 Ne4 {[#] White must now prevent ...g5.} 15. Bxe7 Nxe7 {[%cal Bc6e7,Be7d5,Bd5f4][%mdl 32]} 16. Bd3 f5 17. c4 dxc4 18. Bxe4 (18. Qc2 $14) 18... fxe4 $11 19. Rxe4 b5 20. Qe1 Nd5 21. Rd1 Nf4 22. Re7 (22. Ne5 $14) 22... Qb6 {next ...Qg6 is good for Black.} 23. Qe4 Qg6 24. Qxg6 Nxg6 25. Rc7 $132 {[%mdl 2048] White puts up resistance} Rf7 26. Rc6 Nf4 27. Ne5 Re7 28. Rc5 Bd7 29. Ndf3 Be8 30. b3 (30. g3 $11 Nxh3+ 31. Kf1) 30... cxb3 31. axb3 a5 32. Ra1 a4 33. Nd4 (33. bxa4 $15 bxa4 34. Ra3) 33... axb3 $2 {[%mdl 8192] [#]} (33... a3 $17 {keeps the pressure on.} 34. h4 a2) 34. Rxa8 $18 {White is clearly winning.} b2 35. Rxb5 Rxe5 36. Rxb2 ({And not} 36. Rxe5 b1=Q+ 37. Kh2 Kh7 $11) 36... Kh7 37. Kh2 Bf7 38. Rf8 Re7 39. Nc6 Rc7 (39... Ne6 $142 40. Rc8 Re8) 40. Ne5 {Accuracy: White = 52%, Black = 50%.} 1-0

[Event "28th WSCC Open 65 2018"]
[Site "Bled"]
[Date "2018.11.23"]
[Round "6"]
[White "Tunik, Gennady"]
[Black "Lind, Jan-Olov"]
[Result "1/2-1/2"]
[WhiteElo "2365"]
[BlackElo "2215"]
[Annotator "TA"]
[PlyCount "84"]
[EventDate "2018.11.17"]
[EventType "swiss"]
[EventCountry "SLO"]
[SourceTitle "playchess.com"]
[Source "ChessBase"]
[SourceQuality "1"]

{[%evp 17,84,0,4,0,0,0,0,0,40,20,60,51,190,51,83,64,76,42,56,54,35,30,32,-146,-143,-150,-144,-172,-176,-269,-266,-323,-313,-310,-254,-262,-213,-225,-202,-212,-201,-187,-175,-187,-179,-205,-205,-227,-201,-170,-122,-116,-68,-68,-71,-80,-72,-216,-223,-216,-219,-208,-205,-158,-180,-237,0,-128,0]} 1. d4 g6 2. e4 Bg7 3. Nf3 d6 4. Be2 Nf6 5. Nc3 O-O 6. O-O a6 7. h3 b5 {B08: Pirc Defence: Classical System} (7... Nc6 8. a4 e6 9. Re1 b6 10. Be3 Bb7 11. Qd2 Ne7 12. Bd3 c5 13. dxc5 bxc5 14. e5 dxe5 15. Nxe5 Rc8 {0-1 (50) Dervishi,E (2552)-Malakhov,V (2686) Riadh 2017}) 8. e5 Nfd7 9. exd6 cxd6 {LiveBook: 3 Games. The position is equal.} 10. a4 b4 11. Nd5 a5 12. Bg5 Re8 $146 ({Predecessor:} 12... f6 13. Bh4 Nb6 14. Nxb6 Qxb6 15. Bc4+ {0-1 (36) Botvinnik,A (1836)-Szenetra,W (2148) Buesum 2017}) 13. Re1 h6 14. Bh4 g5 (14... Nb6 $14 15. Nxb6 Qxb6) 15. Bg3 (15. Bxg5 $1 $18 {Strongly threatening Bc4.} hxg5 16. Nxg5) 15... Nb6 16. Nxb6 Qxb6 17. Bb5 Bd7 18. c4 bxc3 19. bxc3 Bxb5 20. Rb1 $2 {[#]} (20. Qb3 $14 {stays ahead.}) 20... Bxa4 $1 $17 21. Qxa4 Qc6 22. Rb5 {Threatening Rxe7!} Nd7 23. Qb3 (23. Kh2 $142) 23... a4 $19 {[%cal Ba5a4,Ba4a3,Ba3a2][%mdl 32]} 24. Qb4 a3 25. Ra1 a2 26. Qb2 Ra7 27. h4 gxh4 28. Nxh4 e6 {[%cal Be7e6,Be6e5][%mdl 32]} 29. Nf3 {[%cal Bh4f3,Bf3e1,Be1c2,Bc2b4][%mdl 32]} Rc8 30. Rb3 Rca8 31. Ne1 e5 32. Nc2 Qe4 33. f3 Qd3 34. Bf2 Ra4 {...exd4 is the strong threat.} 35. Nb4 Qc4 36. Rxa2 {[#]} exd4 $1 37. Rxa4 (37. cxd4 $17 {is a better defense.} Nc5 {[%mdl 64] Pin} 38. Rba3) 37... Rxa4 38. Bxd4 Nc5 39. Bxc5 Qxc5+ 40. Kf1 Qc4+ 41. Kg1 (41. Kf2 $142) 41... Qc5+ ({Better is} 41... Be5 $19 42. Ra3 {[#]} Qh4 $1 {[%mdl 512]}) 42. Kf1 $1 $17 Qb6 {Accuracy: White = 40%, Black = 55%.} (42... Be5 $17 43. Nd3 Qa5) 1/2-1/2

[Event "28th WSCC Open 65 2018"]
[Site "Bled"]
[Date "2018.11.23"]
[Round "6"]
[White "Berkovich, Mark A"]
[Black "Balashov, Yuri S"]
[Result "0-1"]
[WhiteElo "2339"]
[BlackElo "2445"]
[Annotator "TA"]
[PlyCount "116"]
[EventDate "2018.11.17"]
[EventType "swiss"]
[EventCountry "SLO"]
[SourceTitle "playchess.com"]
[Source "ChessBase"]
[SourceQuality "1"]

{[%evp 20,116,11,13,35,26,69,50,40,9,0,0,29,23,60,-101,-36,-36,-16,-43,-51,-45,0,-71,0,-80,-75,-74,-85,-87,-99,-99,-98,-108,-95,-95,-95,-91,-90,-94,-93,-101,-94,-114,-96,-135,-115,-112,-111,-110,-107,-120,-110,-117,-103,-103,-104,-102,-105,-109,-66,-53,-58,-90,-91,-106,-66,-100,-106,-93,-99,-109,-87,-100,-63,-69,-66,-70,-70,-92,-48,-137,-68,-163,-165,-154,-151,-242,-223,-279,-282,-276,-286,-354,-272,-279,-277,-282,-264]} 1. c4 e5 2. Nc3 Nc6 3. Nf3 Nf6 4. e3 Bb4 5. Qc2 Bxc3 6. bxc3 e4 {A28: English Opening: Four Knights Variation} (6... d6 7. e4 O-O 8. g3 h6 9. Bg2 Be6 10. d3 Qc8 11. h3 Ne7 12. Nh4 Ng6 13. Nf5 Bxf5 14. exf5 Qxf5 {½-½ (28) So,W (2776)-Sevian,S (2634) Douglas 2018}) 7. Ng5 Qe7 8. f3 exf3 9. Nxf3 O-O 10. Be2 d6 11. O-O {LiveBook: 9 Games} Re8 12. d3 d5 13. d4 $1 Bg4 $146 {[%cal Bc8g4,Bg4h5,Bh5g6][%mdl 32]} ({Predecessor:} 13... dxc4 14. Ng5 {1-0 (41) Bishop,N (2287)-Mueller Alves,M (2188) IECG email 2006}) 14. Bd2 dxc4 15. Bxc4 {aiming for Ng5.} Ne4 16. Rae1 Bh5 17. d5 $2 (17. Bd3 $14 {keeps the upper hand.}) 17... Na5 (17... Ne5 $17 18. Nxe5 (18. Qxe4 $2 Nxf3+ 19. gxf3 Qg5+ 20. Kh1 Rxe4 $19) 18... Qxe5) 18. Bd3 $15 b6 19. Nd4 Bg6 20. c4 Nb7 {[%cal Ba5b7,Bb7c5,Bc5d3][%mdl 32]} 21. Nf5 (21. Rf4 $11 Nxd2 22. Qxd2) 21... Qe5 ({Black should try} 21... Bxf5 $1 $17 22. Rxf5 g6) 22. Nh4 (22. Bc1 $11 {keeps the balance.}) 22... Nbc5 $17 23. Nxg6 hxg6 24. Bc1 {[%cal Bd2c1,Bc1b2,Bb2d4][%mdl 32]} Nxd3 25. Qxd3 {[#]} c6 $1 {[%mdl 512]} 26. dxc6 Qc7 27. Bb2 Rad8 {[%cal Ba8d8,Bd8d7,Bd7c7][%mdl 32]} 28. Bd4 Qxc6 29. Rc1 Rd7 30. Qc2 Qe6 31. Qb2 Rc8 32. Rc2 f6 33. Qb3 Rdc7 34. Rfc1 Kf7 35. h3 g5 36. Qd3 Nc5 37. Qh7 Qe4 38. Qh5+ Kg8 39. Qe2 Nd3 40. Rd1 Nb4 41. Rcc1 Qe6 42. a3 Na6 {[%cal Rc7c4]} 43. Bb2 Nc5 44. Rd5 Nb7 45. Qd3 Re8 (45... Rc6 {is interesting.} 46. Rf1 Nc5 47. Qe2 Re8 48. Re1 Ne4) 46. Bd4 Qe4 (46... Na5 {seems wilder.} 47. a4 Rec8 48. e4 Nxc4 49. Re1 Re8) 47. Qxe4 Rxe4 48. Kf2 Re6 49. Kf3 Rec6 50. Rh1 (50. e4 $15) 50... Nd6 (50... Na5 $17 51. c5 bxc5) 51. h4 {[#]} (51. c5 $1 $15 bxc5 52. Bxc5 Rxc5 53. Rxd6) 51... gxh4 $1 $19 ({Much worse is} 51... Nxc4 $6 52. hxg5 fxg5 53. Rh5 $15 (53. Rxg5 Nxa3 54. Rh4 Rf7+ 55. Ke2 Rc2+ 56. Kd3 Rd7 $15)) 52. Rxh4 Nxc4 53. Kg4 (53. a4 $17) 53... Re7 54. Rh3 Nxa3 55. Rd8+ Kf7 56. Kf5 Nc4 57. Rhh8 {[%csl Gd8][%cal Rh8f8]} Nd6+ 58. Kf4 Ke6 {Accuracy: White = 43%, Black = 61%.} 0-1

[Event "28th WSCC Open 65 2018"]
[Site "Bled"]
[Date "2018.11.23"]
[Round "6"]
[White "Lisenko, Alexander V"]
[Black "Barle, Janez"]
[Result "1/2-1/2"]
[WhiteElo "2334"]
[BlackElo "2259"]
[Annotator "TA"]
[PlyCount "102"]
[EventDate "2018.11.17"]
[EventType "swiss"]
[EventCountry "SLO"]
[SourceTitle "playchess.com"]
[Source "ChessBase"]
[SourceQuality "1"]

{[%evp 10,102,88,78,80,48,80,23,33,33,51,49,85,64,76,78,73,66,68,64,99,25,28,14,19,0,16,10,12,0,0,-52,-36,-39,0,0,0,0,0,0,0,-60,-62,-64,-62,-87,-87,-91,-91,-92,-54,-194,0,0,0,-76,-76,-117,-50,-69,0,0,0,0,0,0,0,0,0,0,0,0,0,-8,0,-8,0,0,0,0,0,0,0,0,0,0,0,0,8,8,8,8,8,8,8]} 1. Nf3 Nc6 2. c4 e5 3. d4 d5 4. Nxe5 Nxe5 5. dxe5 d4 6. g3 {LiveBook: 14 Games. D07: Queen's Gambit: Chigorin Defence} Ne7 7. Nd2 Nc6 {[#]} 8. Nf3 ({Better is} 8. f4 $1 $16) 8... Bb4+ $146 ({Predecessor:} 8... Be6 9. b3 Bb4+ 10. Bd2 Be7 11. Bg2 Qd7 12. O-O O-O 13. Qc2 Bf5 {1-0 (33) Cordova,E (2493)-Davalos Prieto,A (2269) Aguascalientes 2008}) 9. Bd2 Qe7 10. Bg2 Nxe5 11. Nxe5 Bxd2+ 12. Qxd2 Qxe5 13. O-O-O O-O 14. Qxd4 Qxe2 {[#]} 15. Rhe1 (15. Qc5 $1 $16 {And now Rhe1 would win.} Be6 16. Rhe1 Qxc4+ 17. Qxc4 Bxc4 18. Bxb7) 15... Qh5 $11 16. h3 Qa5 17. Re3 c6 18. Ra3 Qc7 19. Qc5 ({Avoid the trap} 19. Rxa7 $2 c5 $19) 19... Be6 20. f4 (20. Rd2 $11) 20... g6 $15 21. Rd4 Qb6 (21... Rfd8 {looks sharper.} 22. Rad3 h5 23. Rxd8+ Rxd8 24. Rxd8+ Qxd8 25. Bf1 a6) 22. Qxb6 axb6 23. Rxa8 Rxa8 $11 {[%mdl 4096] Endgame KRB-KRB} 24. a3 Ra4 25. Bf1 (25. Kd2 $1 $11) 25... Kg7 $15 26. Kc2 {[#]} b5 $1 {[%cal Rb5c4][%mdl 512]} 27. Kb3 (27. cxb5 Rxd4) 27... h5 28. Kc3 c5 29. Re4 Kf6 30. Bg2 (30. Re3 $15) 30... bxc4 $2 ({Black should play} 30... Bf5 $19 31. Re2 Rxc4+ 32. Kd2 b6) 31. Re5 $11 b6 32. Bd5 (32. h4 $11) 32... Bxh3 $17 33. Bxc4 Bf5 (33... Be6 $17 34. Bb5 Ra7) 34. Re8 $1 $15 Be6 (34... Bd7 $15 35. Rb8 Be6 36. Bxe6 Kxe6 37. Rxb6+ Kf5) 35. Bxe6 $11 {The position is equal.} fxe6 {KR-KR} 36. Rf8+ $1 Ke7 37. Rb8 h4 38. gxh4 Rxf4 39. Rxb6 Rxh4 40. Rc6 Rh1 41. a4 Kd7 42. Rb6 Rh3+ 43. Kc4 Rh4+ 44. Kxc5 Rxa4 45. Rb7+ Ke8 46. b4 Kd8 47. Rg7 e5 48. Rxg6 Kc7 49. Rg7+ Kb8 50. Re7 Ra6 51. Rxe5 Rh6 {Accuracy: White = 47%, Black = 58%.} 1/2-1/2

[Event "28th WSCC Open 65 2018"]
[Site "Bled"]
[Date "2018.11.23"]
[Round "6"]
[White "Kiefer, Gerhard"]
[Black "Hartung-Nielsen, Jens"]
[Result "1-0"]
[WhiteElo "2306"]
[BlackElo "2186"]
[Annotator "TA"]
[PlyCount "61"]
[EventDate "2018.11.17"]
[EventType "swiss"]
[EventCountry "SLO"]
[SourceTitle "playchess.com"]
[Source "ChessBase"]
[SourceQuality "1"]

{[%evp 24,61,63,60,81,77,79,72,86,64,85,58,58,50,71,71,75,45,64,25,64,52,71,39,47,39,71,44,41,40,49,39,41,46,51,0,571,535,557,549]} 1. e4 c5 2. Nf3 g6 3. d4 cxd4 4. Nxd4 Bg7 5. c4 Nc6 6. Be3 Nf6 7. Nc3 O-O 8. Be2 d6 9. O-O Bd7 10. f3 Nxd4 11. Bxd4 Bc6 12. b4 b6 13. Qd2 Nd7 {B38: Sicilian: Maroczy Bind with 5...Bg7 and 7...0-0} (13... Qb8 14. Rab1 Rd8 15. Nd5 Nxd5 16. cxd5 Bxd4+ 17. Qxd4 Bd7 18. a4 Qb7 19. Bb5 Rdc8 20. Rfc1 a6 21. Bxd7 Qxd7 22. Qxb6 Qxa4 {½-½ (51) Ivanisevic,I (2665)-Milanovic,D (2480) Skopje 2016}) 14. Bxg7 Kxg7 15. Rfd1 a6 {White is better.} 16. Qe3 $146 ({Predecessor:} 16. f4 a5 17. b5 Bb7 18. e5 Nc5 19. exd6 Kg8 20. Bf1 Qd7 21. dxe7 Qxe7 {1-0 (45) Wirthensohn,H (2397)-Klauser,M (2402) Lenzerheide 2006}) 16... f6 17. Nd5 Bxd5 18. exd5 Rf7 19. f4 Kh8 20. Qd4 Rg7 21. Bg4 g5 22. Be6 gxf4 23. Qxf4 Ne5 24. Rac1 {[%cal Ba1c1,Bc1c5,Bc5c8][%mdl 32]} a5 25. c5 $36 {[%mdl 2048] White fights for an advantage.} bxc5 ({Much weaker is} 25... axb4 $6 26. c6 $16) 26. bxc5 dxc5 27. Rxc5 Qb6 28. Qf2 {aiming for Rc8+.} Qd6 {Strongly threatening ...Nf3+!} 29. Qc2 ({White should try} 29. Rb5 $14) 29... Ng4 $2 {[%mdl 8192]} (29... Rd8 $11 {and Black is okay.} 30. Kh1 Ng4 31. Bxg4 Rxg4) 30. Rc8+ $18 {[%mdl 64] [#] Double Attack} Rg8 31. Bxg4 $1 {Accuracy: White = 33%, Black = 48%.} ({Stronger than} 31. Rxg8+ Rxg8 32. Bxg4 Rxg4 $11) 1-0

[Event "28th WSCC Open 65 2018"]
[Site "Bled"]
[Date "2018.11.23"]
[Round "6"]
[White "Pritchett, Craig W"]
[Black "Privara, Igor"]
[Result "1-0"]
[WhiteElo "2286"]
[BlackElo "2207"]
[Annotator "TA"]
[PlyCount "85"]
[EventDate "2018.11.17"]
[EventType "swiss"]
[EventCountry "SLO"]
[SourceTitle "playchess.com"]
[Source "ChessBase"]
[SourceQuality "1"]

{[%evp 12,85,18,3,6,8,14,-54,-46,-61,-70,-91,-96,-94,-76,-91,-85,-99,-77,-122,-132,-152,-157,-181,-76,-80,-28,-25,-7,-61,-52,-126,-72,-86,-88,-100,-68,-168,-6,-2,95,86,280,279,268,268,261,204,126,105,122,110,231,224,205,189,227,225,225,164,214,208,197,209,189,201,587,584,564,563,631,589,666,658,600,531]} 1. e4 c5 2. Nf3 Nc6 3. Bb5 g6 4. O-O Bg7 5. Re1 Nf6 6. Nc3 O-O 7. h3 Nd4 {B31: Sicilian: 2...Nc6 3 Bb5 g6} 8. Bc4 (8. e5 Ne8 9. Nxd4 cxd4 10. Nd5 e6 11. Nf4 Qc7 12. Qe2 Qxc2 13. b3 Qf5 14. d3 f6 15. exf6 Rxf6 {0-1 (54) Muzychuk,M (2524)-Kosteniuk,A (2527) Khanty-Mansiysk 2014}) 8... e6 9. e5 $146 (9. Bb3 $11) ({Predecessor:} 9. d3 d5 10. Bb3 h6 11. Bf4 a6 12. exd5 Nxb3 13. axb3 exd5 14. Qd2 g5 15. Be5 {½-½ (47) Delanoy,A (2120)-Benmesbah,S (2296) Toulouse 2000}) 9... Ne8 {[%cal Bf6e8,Be8d6,Bd6f7][%mdl 32] Black is slightly better.} 10. d3 d5 11. Bb3 f6 $1 12. Nxd4 cxd4 13. Nb1 fxe5 14. Nd2 Nd6 15. Nf3 e4 16. Bg5 Qb6 17. Nh2 exd3 (17... a5 $19 {is more deadly.} 18. a4 Rf5) 18. cxd3 $17 h6 (18... Nf7 $17 19. Be7 Re8) 19. Bd2 $11 Nf7 20. Qg4 (20. Rc1 $11) 20... Kh7 $1 $15 21. h4 (21. Rac1 $15) 21... Qd6 (21... a5 $142 22. Qg3 a4) 22. h5 {[#]} g5 $1 23. f4 e5 24. f5 (24. Qf3 $1 $15) 24... Qd7 $2 ({Better is} 24... a5 $19 {Hoping for ...a4.} 25. a4 {[#]} e4 $1 {[%mdl 512]} 26. dxe4 Ne5) 25. Qf3 $11 Qxf5 (25... Nd6 $11 26. Qxd5 Nxf5) 26. Qxd5 $16 {aiming for Bb4.} Qd7 $2 (26... Qxd3 $16 {was necessary.} 27. Bb4 Bf5) 27. Bb4 $18 Qxd5 28. Bxd5 Bf5 29. Bxf8 Rxf8 30. Bxf7 Rxf7 31. Nf3 g4 (31... Rd7 $16) 32. Nxe5 Re7 33. Ng6 Rxe1+ 34. Rxe1 Bxd3 {[%mdl 4096] Endgame KRN-KB} 35. Kf2 Bf6 36. Rc1 Be4 37. Rc7+ Kg8 38. g3 Bc6 $2 (38... d3 39. Ke3 Bd4+ 40. Kd2 (40. Kxe4 $2 d2 $19) 40... Bf6) 39. Ne7+ {White is clearly winning.} Bxe7 40. Rxe7 a5 41. Ke2 Bb5+ 42. Kd2 Ba6 43. Re4 {Accuracy: White = 52%, Black = 35%.} 1-0

[Event "28th WSCC Open 65 2018"]
[Site "Bled"]
[Date "2018.11.23"]
[Round "6"]
[White "Shevelev, Arkady"]
[Black "Wahlbom, Magnus"]
[Result "1/2-1/2"]
[WhiteElo "2278"]
[BlackElo "2173"]
[Annotator "TA"]
[PlyCount "64"]
[EventDate "2018.11.17"]
[EventType "swiss"]
[EventCountry "SLO"]
[SourceTitle "playchess.com"]
[Source "ChessBase"]
[SourceQuality "1"]

{[%evp 24,64,47,50,95,0,0,0,0,-19,-24,-22,-24,-47,-58,-62,-45,-82,-84,-95,-73,-89,-78,-62,-70,-71,-66,-91,-91,-102,-102,-102,-102,-93,-98,-99,-97,-93,-89,-100,0,-79,0]} 1. e4 c5 2. Nf3 d6 3. d4 cxd4 4. Nxd4 Nf6 5. Nc3 a6 6. Be2 e5 7. Nb3 {[%cal Bd4b3,Bb3d2,Bd2c4][%mdl 32]} Be7 8. O-O O-O 9. Be3 Nbd7 10. f3 Qc7 {B92: Sicilian Najdorf: 6 Be2} 11. a4 b6 {[%cal Bb7b6,Bb6b5,Bb5b4][%mdl 32]} 12. Nd2 Bb7 13. Nc4 {[#] LiveBook: 5 Games} Rac8 $146 ({Predecessor:} 13... Rfd8 14. Bf2 g6 15. Ne3 Nc5 16. Bc4 Ne6 17. Ncd5 Nxd5 18. Nxd5 Bxd5 19. Bxd5 {0-1 (55) Movsesian,S (2677)-Ivanchuk,V (2739) Caleta 2014}) 14. a5 ({White should play} 14. Qd2 $16) 14... b5 $11 15. Nb6 Nxb6 16. Bxb6 Qc6 17. Bd3 b4 18. Ne2 d5 {[%cal Rd5e4]} 19. Ng3 g6 20. Qe2 d4 21. f4 {[#]} Nd7 $1 22. fxe5 Nxb6 23. axb6 Qxb6 24. Qg4 Kh8 25. Kh1 Rc5 26. Qf4 Qe6 27. Ne2 Qxe5 28. Qxe5+ Rxe5 29. Nxd4 a5 30. Nf3 Rc5 31. Nd4 Re5 32. Nf3 $1 {[%cal Rf3e5] [#]} Rc5 {Accuracy: White = 73%, Black = 80%.} ({Black should try} 32... Rh5 $1 $17) 1/2-1/2

[Event "28th WSCC Open 65 2018"]
[Site "Bled"]
[Date "2018.11.23"]
[Round "6"]
[White "Ackermann, Hans Werner"]
[Black "Birnboim, Nathan"]
[Result "1/2-1/2"]
[WhiteElo "2272"]
[BlackElo "2376"]
[Annotator "TA"]
[PlyCount "81"]
[EventDate "2018.11.17"]
[EventType "swiss"]
[EventCountry "SLO"]
[SourceTitle "playchess.com"]
[Source "ChessBase"]
[SourceQuality "1"]

{[%evp 10,81,22,24,25,22,23,-11,-17,-22,-13,-16,-18,-12,-12,0,4,-40,-29,-25,-22,-35,-41,-46,-45,-52,-35,-51,-41,-41,-39,-51,-66,-50,-54,-53,-38,-32,-28,-59,-44,-62,-67,-59,-60,-78,-61,-90,-4,-58,-49,-89,-89,-73,-90,-95,-95,-91,-87,-72,2,-41,-42,-42,-42,-42,-41,-53,0,0,0,0,0,0]} 1. Nf3 c5 2. b3 d5 3. e3 Nf6 4. Bb2 e6 5. Bb5+ Bd7 6. Be2 Nc6 {A06: Réti Opening:1 Nf3 d5} 7. O-O Be7 8. Ne5 (8. d4 cxd4 9. exd4 O-O 10. Nbd2 Qb6 11. a3 Rfd8 12. Bd3 Be8 13. Re1 Bf8 14. Rb1 {1-0 (52) Kritz,L (2597)-Pavasovic,D (2575) Austria 2007}) 8... Nxe5 9. Bxe5 O-O 10. d4 $146 ({Predecessor:} 10. d3 Bc6 11. Nd2 Nd7 12. Bg3 b5 13. Bf3 Bf6 14. Rb1 {0-1 (37) Odinaev,T (2267)-Shirokov,A (2159) Novokuznetsk 2008}) 10... Bc6 11. a4 Nd7 {[%cal Bf6d7,Bd7e5,Be5g6,Bg6f4,Bf4e6,Be6d4][%mdl 32]} 12. Bg3 Bf6 13. Bd6 Re8 14. c3 cxd4 15. exd4 e5 16. dxe5 Nxe5 17. Bc5 Ng6 18. Bd4 Nf4 19. Bf3 Ne6 20. Bxf6 Qxf6 21. Ra2 Rad8 22. Rd2 d4 23. Bxc6 bxc6 24. cxd4 Nxd4 25. Kh1 c5 26. h3 g6 27. Nc3 {[#]} Qb6 $1 28. Rd3 Rb8 (28... a6 $17) 29. Nd5 (29. b4 $1 $11) 29... Qc6 30. Rxd4 cxd4 31. Qxd4 Re6 32. Qxa7 {[#]} Rb7 $1 {[%cal Rb7a7]} 33. Qd4 Rxb3 34. Rd1 Ra3 ({Black should play} 34... h6 $17) 35. Qb4 Qxa4 36. Qb8+ Kg7 37. Qb2+ f6 38. Rc1 {Hoping for Nxf6!} Qb3 (38... Qa5 $15 39. Rc7+ Kh6) 39. Rc7+ $11 {The position is equal.} Kh6 40. Qc1+ g5 41. Rc3 {Accuracy: White = 62%, Black = 73%.} 1/2-1/2